Groups of Eight Quiz Stats

 Plays Quiz not verified by Sporcle

Score 0/64 Timer 12:00
0 Plays Today
% Correct
blue
94.2%
green
94.2%
red
93.5%
black
92.9%
yellow
92.3%
orange
91%
purple
88.4%
Noun
82.6%
Verb
81.9%
Adverb
78.1%
Adjective
77.4%
Blitzen
76.8%
tomato
75.5%
Dancer
75.5%
Prancer
75.5%
Vixen
75.5%
brown
74.8%
Cupid
74.2%
Comet
71.6%
carrot
71%
Dasher
71%
Pronoun
65.2%
Germany
63.9%
France
63.2%
The Sorcerer's Stone
63.2%
The Goblet of Fire
62.6%
celery
59.4%
Russia
59.4%
The Prisoner of Azkaban
59.4%
Japan
57.4%
Great Britain
54.2%
The Chamber of Secrets
54.2%
% Correct
Italy
53.5%
The Half-Blood Prince
53.5%
Canada
52.9%
United States
52.3%
The Order of the Phoenix
50.3%
Conjunction
49.7%
The Deathly Hallows Part 1
43.2%
The Deathly Hallows Part 2
43.2%
Preposition
41.9%
beet
33.5%
lettuce
32.9%
Terrier
32.3%
Donder
32.3%
Mary
27.1%
Toy
27.1%
Interjection
26.5%
Hound
24.5%
spinach
23.9%
Tommy
21.9%
Working
20.6%
David
18.1%
Susan
18.1%
parsley
17.4%
Nicholas
17.4%
Sporting
16.1%
Elizabeth
11.6%
watercress
10.3%
Non-Sporting
9%
Nancy
8.4%
Herding
8.4%
Joannie
6.5%
Miscellaneous
2.6%

You're not logged in!

Compare scores with friends on all Sporcle quizzes.
OR
Log In

Sporcle TV

Today on Sporcle TV


Watch our educational content, quiz creation guides, and fun videos on Sporcle TV.

Show Comments

Extras

Created Nov 20, 2010ReportNominate
Tags:eight, group

Top Quizzes Today


Score Distribution

Your Account Isn't Verified!

In order to create a playlist on Sporcle, you need to verify the email address you used during registration. Go to your Sporcle Settings to finish the process.

Report this User

Report this user for behavior that violates our Community Guidelines.

Details: